Statistics for Dinosaur or Prehistoric Mammal?

Click here to take the quiz!

General Stats

  • This quiz has been taken 188 times
  • The average score is 14 of 15

Answer Stats

QuestionAnswer% Correct
PachycephalosaurusDinosaur
99%
UtahraptorDinosaur
97%
ProtoceratopsDinosaur
97%
HomotheriumMammal
97%
IguanodonDinosaur
95%
MastodonMammal
93%
AurochsMammal
93%
SmilodonMammal
92%
ParaceratheriumMammal
91%
CoelophysisDinosaur
90%
IrritatorDinosaur
87%
SauropeltaDinosaur
86%
MegalocerosMammal
85%
GlyptodonMammal
81%
DoedicurusMammal
74%

Score Distribution

Percentile by Number Answered

Percent of People with Each Score

Your Score History

You have not taken this quiz